<?xml version="1.0" encoding="UTF-8"?>
<record
    xmlns:xsi="http://www.w3.org/2001/XMLSchema-instance"
    xsi:schemaLocation="http://www.loc.gov/MARC21/slim http://www.loc.gov/standards/marcxml/schema/MARC21slim.xsd"
    xmlns="http://www.loc.gov/MARC21/slim">

  <leader>03379nam a22003497a 4500</leader>
  <controlfield tag="003">OSt</controlfield>
  <controlfield tag="005">20250703122138.0</controlfield>
  <controlfield tag="007">cr ||||||a|c||</controlfield>
  <controlfield tag="008">240801s2021    mx ad||fom||| 001 0 spa d</controlfield>
  <datafield tag="040" ind1=" " ind2=" ">
    <subfield code="e">rda</subfield>
  </datafield>
  <datafield tag="100" ind1="1" ind2=" ">
    <subfield code="a">Murrieta Dionicio, Heber</subfield>
    <subfield code="9">189337</subfield>
  </datafield>
  <datafield tag="245" ind1="1" ind2="0">
    <subfield code="a">Respuesta econ&#xF3;mica a la suplementaci&#xF3;n con concentrado sobre vacas lecheras en  pastoreo /</subfield>
    <subfield code="c">por Murrieta Dionicio Heber; presidente Leticia Myriam Sagarnaga Villegas; secretario Citlali Anais Castro Jaime; vocal Jorge Luis Castrell&#xF3;n Montel&#xF3;ngo; suplente Enrique Cort&#xE9;s D&#xED;az; suplente Juan Daniel Jim&#xE9;nez Rosales</subfield>
  </datafield>
  <datafield tag="264" ind1=" " ind2="1">
    <subfield code="a">Chapingo, M&#xE9;xico :</subfield>
    <subfield code="b">El autor,</subfield>
    <subfield code="c">2021.</subfield>
  </datafield>
  <datafield tag="300" ind1=" " ind2=" ">
    <subfield code="a">1 recurso en l&#xED;nea (81 p&#xE1;ginas):</subfield>
    <subfield code="b">Ilustraciones, cuadros, gr&#xE1;ficas</subfield>
  </datafield>
  <datafield tag="336" ind1=" " ind2=" ">
    <subfield code="2">rdacontent</subfield>
    <subfield code="a">texto</subfield>
    <subfield code="b">txt</subfield>
  </datafield>
  <datafield tag="337" ind1=" " ind2=" ">
    <subfield code="2">rdamedia</subfield>
    <subfield code="a">computadora</subfield>
    <subfield code="b">c</subfield>
  </datafield>
  <datafield tag="338" ind1=" " ind2=" ">
    <subfield code="2">rdacarrier</subfield>
    <subfield code="a">recurso en l&#xED;nea</subfield>
    <subfield code="b">cr</subfield>
  </datafield>
  <datafield tag="502" ind1=" " ind2=" ">
    <subfield code="b">IAEZ</subfield>
    <subfield code="c">Zootecn&#xED;a</subfield>
    <subfield code="d">2021</subfield>
    <subfield code="g">LIC</subfield>
  </datafield>
  <datafield tag="504" ind1=" " ind2=" ">
    <subfield code="a">Incluye referencias bibliogr&#xE1;ficas: p&#xE1;ginas 65-75</subfield>
  </datafield>
  <datafield tag="520" ind1=" " ind2=" ">
    <subfield code="a">El objetivo de este trabajo fue evaluar el impacto econ&#xF3;mico de la suplementaci&#xF3;n creciente con concentrado a trav&#xE9;s de las modificaciones en los par&#xE1;metros productivos como producci&#xF3;n individual de leche, carga animal y producci&#xF3;n de leche por hect&#xE1;rea de vacas lecheras en pastoreo de praderas mixtas de Medicago sativacon Dactylis glomerata. Se evaluaron tres niveles de suplementaci&#xF3;n: 2.5, 5.0 y 7.5 kg de MS de concentrado vaca-1 d-1, en tres unidades experimentales formadas por lotes de cinco vacas Holstein Neozeland&#xE9;s y sus respectivas &#xE1;reas de pastoreo. Los lotes fueron manejados con base en un dise&#xF1;o experimental cross over 3x3, estableciendo un nivel de suplementaci&#xF3;n diferente a cada lote en cada fase experimental. La asignaci&#xF3;n de forraje se ajust&#xF3; con base en la altura del forraje residual de 8 cm en todos los tratamientos. Los datos productivos se analizaron con el procedimiento GLM de SAS; con los datos econ&#xF3;micos se realiz&#xF3; el an&#xE1;lisis de rentabilidad para la determinaci&#xF3;n del ingreso neto y la utilidad econ&#xF3;mica. La suplementaci&#xF3;n creciente aument&#xF3; la producci&#xF3;n de leche individual, la carga animal y por consecuencia la producci&#xF3;n de leche por hect&#xE1;rea (P&lt;0.05), misma que result&#xF3; principalmente del aumento en la carga animal. Los costos de operaci&#xF3;n respondieron positivamente al incremento del nivel de suplementaci&#xF3;n, incrementando el costo de producci&#xF3;n por litro de leche. El uso de un nivel de suplementaci&#xF3;n medio permite obtener mayores utilidades por animal en producci&#xF3;n, los tres niveles de suplementaci&#xF3;n presentaron rentabilidad econ&#xF3;mica con mayores utilidades por hect&#xE1;rea conforme se increment&#xF3; la suplementaci&#xF3;n.</subfield>
  </datafield>
  <datafield tag="650" ind1=" " ind2="4">
    <subfield code="a">Producci&#xF3;n de leche en pastoreo</subfield>
    <subfield code="9">145989</subfield>
  </datafield>
  <datafield tag="650" ind1=" " ind2="4">
    <subfield code="a">Suplementos proteico</subfield>
    <subfield code="x">en&#xE9;rgetico</subfield>
    <subfield code="9">145563</subfield>
  </datafield>
  <datafield tag="650" ind1=" " ind2="4">
    <subfield code="a">Pastoreo</subfield>
    <subfield code="x">Alimentaci&#xF3;n </subfield>
    <subfield code="9">143651</subfield>
  </datafield>
  <datafield tag="650" ind1=" " ind2="4">
    <subfield code="a">Leche</subfield>
    <subfield code="x">Costos de producci&#xF3;n</subfield>
    <subfield code="9">65371</subfield>
  </datafield>
  <datafield tag="700" ind1="1" ind2=" ">
    <subfield code="a">Sagarnaga Villegas, Leticia Myriam</subfield>
    <subfield code="9">101176</subfield>
    <subfield code="e">presidente</subfield>
  </datafield>
  <datafield tag="700" ind1="1" ind2=" ">
    <subfield code="a">Castro Jaime, Citlali Anais</subfield>
    <subfield code="9">188843</subfield>
    <subfield code="e">secretario</subfield>
  </datafield>
  <datafield tag="700" ind1="0" ind2=" ">
    <subfield code="a">Castrell&#xF3;n Montelongo, Jorge Luis</subfield>
    <subfield code="e">vocal</subfield>
    <subfield code="9">20309</subfield>
  </datafield>
  <datafield tag="700" ind1="1" ind2=" ">
    <subfield code="a">Cort&#xE9;s D&#xED;az, Enrique</subfield>
    <subfield code="9">28347</subfield>
    <subfield code="e">suplente</subfield>
  </datafield>
  <datafield tag="700" ind1="1" ind2=" ">
    <subfield code="a">Jim&#xE9;nez Rosales, Juan Daniel</subfield>
    <subfield code="9">125885</subfield>
    <subfield code="e">suplente</subfield>
  </datafield>
  <datafield tag="856" ind1=" " ind2=" ">
    <subfield code="u">http://10.13.5.2/tesis/tl/2021_ZO_Murrieta_Dionicio_Heber.pdf</subfield>
    <subfield code="z">DESCARGAR PDF</subfield>
  </datafield>
  <datafield tag="942" ind1=" " ind2=" ">
    <subfield code="2">Clasificaci&#xF3;n Universidad Aut&#xF3;noma Chapingo</subfield>
    <subfield code="c">TD</subfield>
  </datafield>
  <datafield tag="999" ind1=" " ind2=" ">
    <subfield code="c">220044</subfield>
    <subfield code="d">220044</subfield>
  </datafield>
  <datafield tag="952" ind1=" " ind2=" ">
    <subfield code="0">0</subfield>
    <subfield code="1">0</subfield>
    <subfield code="2">local</subfield>
    <subfield code="4">0</subfield>
    <subfield code="5">1</subfield>
    <subfield code="7">0</subfield>
    <subfield code="8">TesDigL</subfield>
    <subfield code="a">BD</subfield>
    <subfield code="b">BD</subfield>
    <subfield code="c">E_L</subfield>
    <subfield code="d">2024-08-01</subfield>
    <subfield code="l">0</subfield>
    <subfield code="o">Tesis digital</subfield>
    <subfield code="r">2024-08-01 13:36:37</subfield>
    <subfield code="w">2024-08-01</subfield>
    <subfield code="y">TD</subfield>
  </datafield>
</record>
